000 00770cab a2200229 4500
001 WB3219-03
008 090401t1996 xxu||||| |||| 00| 0 eng d
035 _a(Sirsi) u1502
041 _aeng
245 _aCertification of domestic structures
260 _c1996
350 _a0
490 _aCSM (Chartered Surveyor Monthly)
_v5(8) May 1996, 59(1)
520 _aSome lenders appear to be questioning the status of Inspection Certificates for Domestic Structures. Sets out the purpose of the Certificate with advice on dealing with these doubts.
650 _aINSPECTION CERTIFICATES FOR DOMESTIC STRUCTURES
650 _aMORTGAGE VALUATIONS
650 _aMORTGAGES
650 _aSELF-BUILD
690 _aBUILT ENVIRONMENT
942 _n0
948 _c04/03/1997
999 _c840
_d840